| 000 | 00808nam a2200253 4500 | ||
|---|---|---|---|
| 003 | MX-MxINE | ||
| 005 | 20260601193904.0 | ||
| 008 | 260509b2000 mx ||||| |||| 00| 0 spa d | ||
| 040 |
_aMX-MxINE _bspa _cMX-MxINE _erda |
||
| 050 | _aNA5235.M6 S26 2000 | ||
| 100 | _eautor | ||
| 245 |
_aSan Francisco : _bun convento y un museo surcando el tiempo |
||
| 260 |
_aMéxico _c2000 |
||
| 300 |
_a192 paginas: _bIlustraciones |
||
| 336 |
_2rdacontent _atexto |
||
| 337 |
_2rdamedia _asin medio |
||
| 338 |
_2rdacarrier _avolumen |
||
| 500 | _aObra histórica y cultural sobre el convento y museo de San Francisco. | ||
| 610 |
_aMuseo de San Francisco. _934360 |
||
| 650 |
_aConventos _xMéxico _934361 |
||
| 650 |
_aMuseos _xMéxico _934362 |
||
| 650 |
_aPatrimonio cultural _xMéxico _934363 |
||
| 942 |
_2lcc _n1 _cB |
||
| 999 |
_c22359 _d22359 |
||